000 00636nam a2200181Ia 4500
008 100921s9999 xx 000 0 und d
082 _b31445
_a891.463 थ 99
100 _aनिसळ शांता.
245 _aउंबरठा.
260 _bकाँन्टीनेंटल बुक सर्व्हीस,पुणे.
_c1999
300 _a231
_bमयुरेष बुक एजन्सी,कराड
365 _b90
520 _aललित-कादंबरी.
630 _aउंबरठा.
650 _aललित-कादंबरी.
730 _aउंबरठा.
942 _cBOOK
999 _c780558
_d780555